Language Quiz

Random Language Quiz

Top Swedish Girl's Names Quiz Stats

 Plays Quiz not verified by Sporcle

Also try: Just R & B
Challenge
Share
Tweet
Embed
Score 0/100 Timer 20:00
0 Plays Today
% Correct
Anna
83.7%
Emma
71.5%
Sara
71.1%
Maria
70.8%
Hanna
68.7%
Sofia
61.6%
Lisa
61%
Julia
59.9%
Elin
56.9%
Olivia
56.9%
Ella
56%
Isabella
52.9%
Alice
52.2%
Linn
52%
Lina
51.9%
Johanna
50.4%
Maja
49.9%
Linnea
49.8%
Ida
49.2%
Victoria
48.8%
Sofie
48.4%
Elsa
46.7%
Emilia
46.4%
Amanda
46.3%
Isabelle
45.3%
Ingrid
45%
Wilma
43.9%
Frida
43.5%
Klara
43.3%
Alexandra
43.3%
Astrid
43.1%
Josefin
42.8%
Matilda
41.7%
Ebba
40.4%
% Correct
Alicia
40.1%
Nora
40%
Ellen
39.8%
Lovisa
38.1%
Alva
37.7%
Greta
37.7%
Alma
37.6%
Rebecka
36.7%
Saga
35.9%
Lea
35.8%
Felicia
35.6%
Molly
35.3%
Emelie
34.9%
Tilda
34.9%
Vera
34.6%
Liv
34.2%
Agnes
33.9%
Elina
33.9%
Moa
32%
Märta
31.7%
Hilda
31.7%
Stina
31.1%
Selma
30.2%
Siri
30%
Stella
29.2%
Nathalie
28.9%
Evelina
28.3%
Tindra
28.2%
Elise
27.9%
Thea
27.8%
Emmy
27.8%
Tuva
27.5%
Tilde
27.5%
Ellie
27.3%
% Correct
Rut
27.3%
Nellie
27.2%
Freja
26.9%
Kajsa
26.9%
Lova
26.8%
Ester
26.8%
Mira
26.8%
Melissa
26.8%
Nicole
26.6%
Jasmine
26.5%
Fanny
26.2%
Ronja
25.2%
My
25%
Iris
24.4%
Filippa
23.8%
Hedda
23.8%
Elvira
23.7%
Lilly
23%
Livia
22.6%
Nova
22.2%
Miranda
22.2%
Svea
21.9%
Tyra
21%
Meja
20.5%
Edith
19.4%
Vilda
19.4%
Signe
18.8%
Joline
18.2%
Cornelia
17.7%
Leia
17.4%
Inez
16.4%
Malva
13.2%

You're not logged in!

Compare scores with friends on all Sporcle quizzes.
Join for Free
OR
Log In

You Might Also Like...

Show Comments

Extras

Created Feb 15, 2010SourceReportNominate
Tags:2009, girl, Girl Names, swedish

Top Quizzes Today


Score Distribution

Your Account Isn't Verified!

In order to create a playlist on Sporcle, you need to verify the email address you used during registration. Go to your Sporcle Settings to finish the process.

Report this User

Report this user for behavior that violates our Community Guidelines.

Details: